|
|
|
|
| LEADER |
00000nam0a2200000 4500 |
| 001 |
81425 |
| 005 |
20231031095139.0 |
| 010 |
|
|
|a 5939723624
|
| 035 |
|
|
|a (RuTPU)RU\TPU\book\87525
|
| 090 |
|
|
|a 81425
|
| 100 |
|
|
|a 20050920d2004 k y0rusy50 ca
|
| 101 |
1 |
|
|a rus
|c eng
|
| 102 |
|
|
|a RU
|
| 105 |
|
|
|a a z 001zy
|
| 200 |
1 |
|
|a Введение в динамику жидкости
|e пер. с англ.
|f Дж. К. Бэтчелор
|
| 210 |
|
|
|a Москва
|a Ижевск
|c Регулярная и хаотическая динамика
|d 2004
|
| 215 |
|
|
|a 758 с.
|c ил.
|
| 320 |
|
|
|a Библиогр.: с. 739-743
|
| 320 |
|
|
|a Именной указатель: с. 744-746
|
| 320 |
|
|
|a Предметный указатель: с. 747-755
|
| 330 |
|
|
|a Книга содержит систематическое и оригинальное изложение основ динамики жидкости. Автор, как правило, указывает способ упрощения основных уравнений и обсуждает результаты, привлекая эксперимент. Это позволяет шире охватить предмет и его приложения к геофизике, физической гидродинамике, метеорологии и океанологии. Книга представляет интерес для научных работников и инженеров в области гидродинамики, а также для преподавателей, аспирантов и студентов университетов и физико-технических, авиационных и судостроительных институтов.
|
| 610 |
1 |
|
|a гидродинамика
|
| 610 |
1 |
|
|a жидкости
|
| 610 |
1 |
|
|a динамика
|
| 610 |
1 |
|
|a физические свойства
|
| 610 |
1 |
|
|a кинематика
|
| 610 |
1 |
|
|a поля течения
|
| 610 |
1 |
|
|a уравнения движения
|
| 610 |
1 |
|
|a вязкие жидкости
|
| 610 |
1 |
|
|a несжимаемые жидкости
|
| 610 |
1 |
|
|a равномерный поток
|
| 610 |
1 |
|
|a число Рейнольдса
|
| 610 |
1 |
|
|a вязкость
|
| 610 |
1 |
|
|a безвихревые течения
|
| 610 |
1 |
|
|a невязкие жидкости
|
| 675 |
|
|
|a 532.5
|v 3
|
| 700 |
|
1 |
|a Бэтчелор
|b Дж. К.
|g Джордж К.
|
| 801 |
|
1 |
|a RU
|b 63413507
|c 20050920
|g PSBO
|
| 801 |
|
2 |
|a RU
|b 63413507
|c 20050928
|g PSBO
|
| 942 |
|
|
|c BK
|